export_success — 

The American West and the World : Transnational and Comparative Perspectives.

Bibliographic Details
Main Author: Lahti, Janne.
Format: eBook
Language:English
Published: Milton : Taylor & Francis Group, 2018.
Edition:1st ed.
Subjects:
Online Access:Click to View
LEADER 01447nam a22003613i 4500
001 EBC7244742
003 MiAaPQ
005 20231204023228.0
006 m o d |
007 cr cnu||||||||
008 231204s2018 xx o ||||0 eng d
020 |a 9781317285335  |q (electronic bk.) 
020 |z 9781138187344 
035 |a (MiAaPQ)EBC7244742 
035 |a (Au-PeEL)EBL7244742 
035 |a (OCoLC)1250428623 
040 |a MiAaPQ  |b eng  |e rda  |e pn  |c MiAaPQ  |d MiAaPQ 
082 0 |a 978 
100 1 |a Lahti, Janne. 
245 1 4 |a The American West and the World :  |b Transnational and Comparative Perspectives. 
250 |a 1st ed. 
264 1 |a Milton :  |b Taylor & Francis Group,  |c 2018. 
264 4 |c Ã2019. 
300 |a 1 online resource (199 pages) 
336 |a text  |b txt  |2 rdacontent 
337 |a computer  |b c  |2 rdamedia 
338 |a online resource  |b cr  |2 rdacarrier 
588 |a Description based on publisher supplied metadata and other sources. 
590 |a Electronic reproduction. Ann Arbor, Michigan : ProQuest Ebook Central, 2023. Available via World Wide Web. Access may be limited to ProQuest Ebook Central affiliated libraries.  
655 4 |a Electronic books. 
776 0 8 |i Print version:  |a Lahti, Janne  |t The American West and the World  |d Milton : Taylor & Francis Group,c2018  |z 9781138187344 
797 2 |a ProQuest (Firm) 
856 4 0 |u https://ebookcentral.proquest.com/lib/matrademy/detail.action?docID=7244742  |z Click to View